MOCHI MAGIC : (Record no. 184294)

MARC details
000 -LEADER
fixed length control field 00908nam a22002771i 4500
005 - DATE AND TIME OF LATEST TRANSACTION
control field 20210928114005.0
008 - FIXED-LENGTH DATA ELEMENTS--GENERAL INFORMATION
fixed length control field 210708t2020 mauao||g ||| ||| 0 eng d
020 ## - INTERNATIONAL STANDARD BOOK NUMBER
International Standard Book Number 9781635862942
Terms of availability RM 79.95
Qualifying information paperback
040 ## - CATALOGING SOURCE
Original cataloging agency PPAK
Language of cataloging eng
Transcribing agency PPAK
Description conventions rda
082 04 - DEWEY DECIMAL CLASSIFICATION NUMBER
Edition number 23
Classification number 641.5952
090 00 - LOCALLY ASSIGNED LC-TYPE CALL NUMBER (OCLC); LOCAL CALL NUMBER (RLIN)
Classification number (OCLC) (R) ; Classification number, CALL (RLIN) (NR) 641.5952
Feature heading BEC
Feature heading G
100 1# - MAIN ENTRY--PERSONAL NAME
Personal name Becker, Kaori,
Relator term author.
245 10 - TITLE STATEMENT
Title MOCHI MAGIC :
Remainder of title 50 Traditional and Modern Recipes for the Japanese Treat /
Statement of responsibility, etc. Kaori Becker
264 #1 - PRODUCTION, PUBLICATION, DISTRIBUTION, MANUFACTURE, AND COPYRIGHT NOTICE
Place of production, publication, distribution, manufacture North Adams, MA :
Name of producer, publisher, distributor, manufacturer Storey Publishing,
Date of production, publication, distribution, manufacture, or copyright notice 2020.
Date of production, publication, distribution, manufacture, or copyright notice ©2020.
300 ## - PHYSICAL DESCRIPTION
Extent 183 pages :
Other physical details color illustrations and photographs ;
Dimensions 19 cm.
336 ## - CONTENT TYPE
Source rdacontent
Content type term text
-- still image.
337 ## - MEDIA TYPE
Source rdamedia
Media type term unmediated
338 ## - CARRIER TYPE
Source rdacarrier
Carrier type term volume
500 ## - GENERAL NOTE
General note Includes index.
650 10 - SUBJECT ADDED ENTRY--TOPICAL TERM
Topical term or geographic name entry element Cooking, Japanese.
Topical term or geographic name entry element Cooking (Mochi)
Topical term or geographic name entry element Confectionery
Geographic subdivision Japan.
Topical term or geographic name entry element Desserts
Geographic subdivision Japan.
942 ## - ADDED ENTRY ELEMENTS (KOHA)
Source of classification or shelving scheme Dewey Decimal Classification
Koha item type Book
Holdings
Withdrawn Not for loan Current library Shelving location Date acquired Total Checkouts Total Renewals Full call number Barcode Date last seen Date last checked out Koha item type
    Perpustakaan Alor Setar Pinjaman Dewasa 10/07/2021 1 1 641.5952 BEC A01696986 04/12/2024 21/10/2024 Book
    Perpustakaan Awam Sungai Petani Pinjaman Dewasa 10/07/2021 1   641.5952 BEC A01696987 30/05/2023 09/05/2023 Book
    Perpustakaan Jitra Pinjaman Dewasa 10/07/2021     641.5952 BEC A01696988 10/07/2021   Book
    Perpustakaan Kulim Pinjaman Dewasa 10/07/2021 1   641.5952 BEC A01696989 12/04/2023 22/03/2023 Book